000 00806nam a2200205 i 4500
001 54484
003 ES-MaACL
005 20250815110526.0
007 t|
008 031217s1876 fr ||||1| fre d
100 1 _aFouqué, Ferdinand.
_951949
245 1 0 _aRapport sur une exploration géologique de l'Ile de Santorin /
_cpar M. Fouqué.
260 _aParis :
_bG. Masson,
_c1876.
300 _a43 p., [3] h. de map. ;
_c24 cm.
490 1 _aBibliothèque de l'Ecole des Hautes Etudes. Section des sciences naturelles ;
_vtome XV, article nº 1
650 7 _aGeología-
_zSantorini (Grecia)
_2
_9154381
830 0 0 _aBibliothèque de l'École des Hautes Études. Section des sciences naturelles
_vtome XV, article nº 1
_9181413
852 _aES-MaACL
_jG-11018(1)
999 _c54484
_d54484